00938nam a2200229 a 4500001001000000003000900010005001700019008004100036040002200077092001500099245011300114260004000227300003500267700002600302700001900328942001200347945003700359952013000396952012700526956003800653999001700691000046404DO-SdBNP20171213114603.0150810s2000 dr ac 000 0 spa d aBPMSUbspacBPMSU axxxxbxxxx00a¡Atrevernos! : ba construir lo diferente; lineamientos fundamentales /cLuis Schéker Ortiz... [et. al.]. aSanto Domingo :bDe Colores,c2000. a50 p. :bil., retrs. ;c19 cm.12aSchéker Ortiz, Luis12aLópez, Junio 2ddccBK aInventariado extranjero 2017/ YL 00102ddc40708CDaBPMETbBPMETd2017-02-23eChiqui V. y Fidelio Despradell0pBPMSU17020052r2017-02-23t w2017-02-23yBK 00102ddc40708CDaBPMETbBPMETd2017-02-23eChiqui V. y Fidelio Despradell0pBPMSU17020053r2017-02-23w2017-02-23yBK aVMATEOb10c20170223lBPMSUh0069 c12557d12557